Informácie z rokovania Prezídia DPO SR

Bibliographic Details
Format: Article
Language:Slovak
ISSN:0231-617X
Subjects:

MARC

LEADER 00000nab a2200000 a 4500
001 vtls000834189
003 SK-MaSNL
005 20260302163326.0
008 140617c2003 xo 0 slo
015 |a SNBRB2003/05-14011 
035 |a CLN000185844 
040 |a SNKBUCL  |b slo  |c SNKBUCL  |e AACR2 
041 0 |a slo 
044 |a xo  |c SK 
080 |a 614.942.8:061.25(437.6):061.3  |2 1997 
245 0 0 |a Informácie z rokovania Prezídia DPO SR 
610 7 |a Dobrovoľná požiarna ochrana Slovenskej republiky  |b Prezídium  |d 2003  |x zasadanie  |2 snkbucl  |9 864485 
655 7 |a články z novín a časopisov  |2 snkbucl  |9 267496 
773 0 |t Požiarnik  |g Roč. 80, č. 4 (2003), s. 13  |x 0231-617X 
850 |a Slovenská národná knižnica v Martine 
852 |a SNK  |b KIS3GCP 
958 |a SK 
992 |a RBX 
999 |c 1383000  |d 1384930